| 000 | 01388cam a22003855a 4500 | ||
|---|---|---|---|
| 999 |
_c4586 _d4586 |
||
| 001 | 4586 | ||
| 003 | BD-JhCC | ||
| 005 | 20171128185724.0 | ||
| 008 | 030701s1965 enk 000 0 eng|| | ||
| 035 | _a(BD-JhCC)4586 | ||
| 038 | _aUkLCURL | ||
| 040 |
_aUkShU _dUkOxU _dBD-JhCC |
||
| 041 | _aeng | ||
| 082 |
_a954.03 _bPHI 1965 |
||
| 090 |
_aShe _b954.04 (P) |
||
| 100 | 1 |
_aPhilips, C. H. _q(Cyril Henry), _d1912-2005. |
|
| 245 | 1 | 4 |
_aThe evolution of India and Pakistan, 1858 to 1947 : _bselect documents / _ccompiled by C. H. Philips, with the co-operation of H. L. Singh and B. N. Pandey. |
| 250 | _aE.L.B.S. ed. | ||
| 260 |
_aLondon : _bThe English Language Book Society and Oxford University Press, _c1965. |
||
| 300 |
_axxi, 786 p. ; _c25 cm. |
||
| 490 | 1 |
_aSelect documents on the history of India and Pakistan ; _vv. 4 |
|
| 490 | 1 | _aE.L.B.S. textbook series | |
| 504 | _aIncludes bibliographical references and index. | ||
| 650 | _aIndia | ||
| 650 | _aBritish Occupation of India | ||
| 651 | 0 |
_aIndia _xHistory _y19th century. |
|
| 651 | 0 |
_aIndia _xHistory _y20th century. |
|
| 700 | 1 | _aSingh, Harischandra Lal | |
| 700 | 1 |
_aPandey, B. N. _q(Bishwa Nath), _d1929- |
|
| 710 | 2 | _aEnglish Language Book Society. | |
| 830 | 0 | _aE.L.B.S. textbook series. | |
| 830 | 0 |
_aSelect documents on the history of India and Pakistan ; _vv. 4 |
|
| 942 |
_2ddc _cBK |
||